Tri tradície povstania

Bibliographic Details
Main Author: Lipták, Ľubomír, 1930-2003 (Author)
Format: Article
Language:Slovak
Subjects:

MARC

LEADER 00000nab a2200000 a 4500
001 vtls000537961
003 SK-MaSNL
005 20260304090307.0
008 250425c1994 xo 0 slo
015 |a SNBRB19rr/mm-uuuuu 
035 |a CL0538099 
035 |a urn:nbn:sk:snk-ab7ja7 
035 |a (urnnbn)urn:nbn:sk:snk:ar-005yam 
035 |a (uuid)f8883263-b354-404b-b6b6-a6fa5d097dac 
040 |a SNKBUCL  |b slo  |c SNKBUCL  |e AACR2 
041 0 |a slo 
044 |a xo  |c SK 
080 |a 943.76"1944"  |2 1981 
080 |a 940.53  |2 1981 
100 1 |a Lipták, Ľubomír,  |d 1930-2003  |4 aut  |9 105323 
245 1 0 |a Tri tradície povstania  |c Ľubomír Lipták 
650 0 7 |a Slovenské národné povstanie (1944)  |2 snkbucl  |9 177948 
655 7 |a články z novín a časopisov  |2 snkbucl  |9 267496 
773 0 |t Pedagogická revue  |g Roč. 46, č. 7-8 (1994), s. 302-308 
850 |a Slovenská národná knižnica 
852 |a Slovenská národná knižnica 
954 |a odborná, vedecká literatúra pôvodná (slovenská)  |2 lita 
958 |a article7 
958 |a RK 
958 |a OND 
958 |a EUIPO 
992 |a RBX 
999 |c 2811010  |d 2812940